00321nam a2200133Ia 4500008004100000020001500041041001200056082001600068100001700084245003300101260003300134300000800167650001200175221030s9999 xx 000 0 und d a8171870023 aEnglish a105.23bMur aJ. D. Murthy 0aContemporary English Grammar bBook PalaceaNew Delhic1998 a552 aEnglish